000 01117cam a2200289 a 4500
001 000002857
005 20200929150255.0
008 820204s1986 ag 001 0dspa d
020 _a9509432547
040 _aDO-SdBNP
_bspa
_cBNPHU
041 1 7 _aspa
_heng
_2Código de idioma MARC
082 _a813.09
_bE61n
240 1 0 _aAnything can happen : interviews with contemporary American novelists.
_lEspañol
245 0 0 _aEntrevistas a narradores norteamericanos de hoy /
_cEdición preparada por Tom LeClair y Larry McCaffery ; traducción de Eduardo Stupía.
260 _aBuenos Aires :
_bGrupo Editor Latinoamericano,
_c1986.
300 _a337, [2] p. ;
_c23 cm.
490 1 _aTemas
534 _pTítulo original:
_tAnything can happen : interviews with contemporary American novelists.
500 _aIncluye índice
650 4 _aLiteratura americana
_ySIGLO XX
_xEntrevistas
_99060
700 1 _aStupía, Eduardo,
_etr.
_99061
700 1 _aLeClair, Tom,
_d1944-,
_eed.
_99062
700 1 _aMcCaffery, Larry,
_d1946-,
_eed.
_99063
830 0 _aTemas.
_99064
910 _aCatalogación derivada
910 _aWM
999 _c2691
_d2691